[Event "Guernsey op"]
[Site "Grand Havre Bay"]
[Date "2010.10.18"]
[Round "2"]
[White "Mack, Wolfgang"]
[Black "Prins, Jan"]
[Result "1-0"]
[WhiteElo "2256"]
[BlackElo "2061"]
[PlyCount "51"]
[EventDate "2010.10.17"]
[EventType "swiss"]
[EventRounds "7"]
[EventCountry "GCI"]
[SourceTitle "EXT 2011"]
[Source "ChessBase"]
[SourceDate "2010.11.26"]
[SourceVersion "1"]
[SourceVersionDate "2010.11.26"]
[SourceQuality "1"]

1. e4 c6 2. Nc3 d5 3. Qf3 e6 4. d4 dxe4 5. Qxe4 Nf6 6. Qd3 b6 7. Nge2 Ba6 8. Qg3 Nbd7 9. Be3 Nd5 10. 0-0-0 Nxe3 11. fxe3 Nf6 12. e4 h5 13. d5 cxd5 14. exd5 h4 15. Qe1 Qc7 16. dxe6 fxe6 17. Nd4 Bxf1 18. Qxe6+ Be7 19. Rhxf1 Qd6 20. Qh3 Kf7 21. Nf5 Qc5 22. Nxe7 Kxe7 23. Ne4 Qc8 24. Qa3+ Ke6 25. Ng5+ Ke5 26. Qd6# 1-0

[Event "Guernsey op"]
[Site "Grand Havre Bay"]
[Date "2010.10.17"]
[Round "1"]
[White "Prins, Jan"]
[Black "Cummins, John"]
[Result "1-0"]
[WhiteElo "2061"]
[BlackElo "1882"]
[PlyCount "81"]
[EventDate "2010.10.17"]
[EventType "swiss"]
[EventRounds "7"]
[EventCountry "GCI"]
[SourceTitle "EXT 2011"]
[Source "ChessBase"]
[SourceDate "2010.11.26"]
[SourceVersion "1"]
[SourceVersionDate "2010.11.26"]
[SourceQuality "1"]

1. d4 d5 2. c4 Nf6 3. Nf3 Bg4 4. Ne5 Bh5 5. Nc3 e6 6. Qb3 Nc6 7. Qa4 Bb4 8. Nxc6 Bxc3+ 9. bxc3 Qd7 10. Bf4 0-0 11. e3 bxc6 12. Qa5 Ne4 13. f3 Nd6 14. c5 Nc4 15. Bxc4 dxc4 16. Rb1 Bg6 17. Rb7 f6 18. Qb4 Bd3 19. Rxc7 Qe8 20. Bd6 Qg6 21. Kf2 Rfc8 22. Qb7 Re8 23. Qxc6 Bb1 24. e4 Bd3 25. h4 Qh6 26. Qd7 Rad8 27. Qf7+ Kh8 28. Rd7 Rc8 29. Rh3 Qg6 30. h5 Qh6 31. Rg3 Qd2+ 32. Kg1 Rg8 33. Qxe6 Rce8 34. Qg4 Qe3+ 35. Kh2 Qh6 36. Rh3 f5 37. Qxf5 Re6 38. Bf4 Qf6 39. Qxf6 Rxf6 40. Be5 Rff8 41. h6 1-0

[Event "Bossum Pinkster op-A"]
[Site "Bossum"]
[Date "2010.05.22"]
[Round "3"]
[White "Van Kampen, Robin"]
[Black "Prins, Jan"]
[Result "1-0"]
[WhiteElo "2475"]
[BlackElo "2084"]
[PlyCount "71"]
[EventDate "2010.05.21"]
[EventType "swiss"]
[EventRounds "7"]
[EventCountry "NED"]
[SourceTitle "CBM 136 Extra"]
[Source "ChessBase"]
[SourceDate "2010.07.02"]
[SourceVersion "2"]
[SourceVersionDate "2010.07.15"]
[SourceQuality "1"]

1. e4 c6 2. d4 d5 3. e5 Bf5 4. Nd2 e6 5. Nb3 Nd7 6. Nf3 b5 7. a4 a6 8. Bd2 Ne7 9. Be2 h6 10. 0-0 Bg4 11. Ne1 Bxe2 12. Qxe2 g6 13. Nd3 Bg7 14. Ba5 Qc8 15. Bb4 h5 16. Ra2 Nf5 17. Rfa1 Rb8 18. axb5 axb5 19. Ra7 Bf8 20. Qd2 Rb7 21. Qc3 Rh7 22. Rxb7 Qxb7 23. Na5 Bxb4 24. Nxb4 Qb6 25. Naxc6 Kf8 26. Ra6 Qc7 27. Ra7 Qc8 28. Qa3 Kg7 29. Qa5 Nb8 30. Nd8 Qc4 31. Nxf7 Qxd4 32. Ng5+ Kh6 33. Rxh7+ Kxg5 34. Qd8+ Kf4 35. Nd3+ Ke4 36. Qg5 1-0

[Event "Guernsey op 35th"]
[Site "Guernsey"]
[Date "2009.10.23"]
[Round "6"]
[White "Prins, Jan"]
[Black "Havenaar, Jan"]
[Result "0-1"]
[WhiteElo "2069"]
[BlackElo "2176"]
[PlyCount "111"]
[EventDate "2009.10.18"]
[EventType "swiss"]
[EventRounds "7"]
[EventCountry "GCI"]
[SourceTitle "EXT 2010"]
[Source "ChessBase"]
[SourceDate "2010.11.25"]
[SourceVersion "1"]
[SourceVersionDate "2010.11.25"]
[SourceQuality "1"]

1. d4 Nf6 2. Nf3 d6 3. c4 Nc6 4. d5 Ne5 5. Nxe5 dxe5 6. Nc3 e6 7. e4 Bc5 8. Be2 0-0 9. 0-0 a6 10. Bg5 Be7 11. Be3 Bb4 12. f3 Qe7 13. Qc2 Bc5 14. Qc1 Nh5 15. g3 f5 16. Bxc5 Qxc5+ 17. Kg2 Nf6 18. Qd2 Bd7 19. Rad1 Rae8 20. b3 a5 21. Bd3 exd5 22. Nxd5 f4 23. Qf2 Qxf2+ 24. Rxf2 c5 25. Rfd2 fxg3 26. hxg3 Bc6 27. Be2 Kf7 28. a3 Rd8 29. Rb2 Ra8 30. Rh1 h6 31. Rd1 Rfd8 32. Kf2 Bxd5 33. cxd5 Ne8 34. b4 axb4 35. axb4 cxb4 36. Rxb4 Nd6 37. Rc1 Rdc8 38. Rxc8 Rxc8 39. f4 Re8 40. Ke3 Re7 41. Bf3 b5 42. Be2 Kf8 43. Bd3 Ra7 44. Rb3 Ra1 45. Rb4 g5 46. f5 h5 47. Kf3 g4+ 48. Kf2 Ra2+ 49. Ke3 Kg7 50. Rb1 Ra3 51. Rf1 Kf6 52. Rb1 Nc4+ 53. Ke2 Ke7 54. Ke1 Nd6 55. Bxb5 Nxe4 56. Bc4 0-1

[Event "Guernsey op 35th"]
[Site "Guernsey"]
[Date "2009.10.21"]
[Round "4"]
[White "Goessling, Guido"]
[Black "Prins, Jan"]
[Result "1/2-1/2"]
[WhiteElo "2277"]
[BlackElo "2069"]
[PlyCount "167"]
[EventDate "2009.10.18"]
[EventType "swiss"]
[EventRounds "7"]
[EventCountry "GCI"]
[SourceTitle "EXT 2010"]
[Source "ChessBase"]
[SourceDate "2010.11.25"]
[SourceVersion "1"]
[SourceVersionDate "2010.11.25"]
[SourceQuality "1"]

1. e4 c6 2. Nc3 d5 3. f4 dxe4 4. Nxe4 g6 5. Nf3 Bg7 6. Bc4 Nh6 7. d4 b5 8. Bb3 a5 9. a3 0-0 10. 0-0 Nd7 11. c3 Qc7 12. Ne5 a4 13. Ba2 Kh8 14. Nxd7 Bxd7 15. Nc5 Bg4 16. Qe1 Rae8 17. Bd2 Qa7 18. Qf2 Bc8 19. h3 e6 20. Rae1 Ng8 21. Kh2 Nf6 22. Bc1 Qc7 23. Nd3 Nd5 24. Kh1 Ba6 25. Nc5 Bc8 26. Re2 Kg8 27. Rfe1 Bh6 28. Rf1 Bg7 29. Rfe1 Qd8 30. Bb1 Bd7 31. Ne4 Qc7 32. Qh4 Qd8 33. Qf2 Bc8 34. Qg3 Qc7 35. Qh4 Qe7 36. Qg3 Qc7 37. Rf2 Rd8 38. Nc5 Qd6 39. Bc2 Ne7 40. Rfe2 Nd5 41. Bb1 Bh6 42. Rf2 Bg7 43. Qf3 Rde8 44. Rfe2 Qd8 45. Bd2 Re7 46. Rf1 Ra7 47. Bc1 Re7 48. g4 Qc7 49. Bd2 Qd8 50. Rg1 Ree8 51. Be1 Qb6 52. Nd3 Ba6 53. Rh2 Bb7 54. Nc5 Bc8 55. Bf2 Qc7 56. Bg3 f5 57. g5 Kf7 58. h4 Rh8 59. h5 Rhg8 60. Re1 Bf8 61. Nd3 Bd6 62. Ne5+ Bxe5 63. Rxe5 Bb7 64. Ba2 Re7 65. Qe2 c5 66. Kg1 cxd4 67. cxd4 Qc1+ 68. Qe1 Qxe1+ 69. Rxe1 Rc8 70. hxg6+ hxg6 71. Rh7+ Ke8 72. Rh8+ Kd7 73. Rxc8 Kxc8 74. Rc1+ Rc7 75. Rxc7+ Nxc7 76. Be1 Bd5 77. Bb1 Bc4 78. Kf2 Kd7 79. Bc2 Kd6 80. Bd1 Nd5 81. Bd2 Bb3 82. Bf3 Bc2 83. Bxd5 Kxd5 84. Ke3 1/2-1/2

[Event "Guernsey op 34th"]
[Site "Guernsey"]
[Date "2008.10.23"]
[Round "5"]
[White "Reijneveld, Ad"]
[Black "Prins, Jan"]
[Result "1/2-1/2"]
[WhiteElo "2196"]
[BlackElo "2108"]
[PlyCount "41"]
[EventDate "2008.10.19"]
[EventType "swiss"]
[EventRounds "7"]
[EventCountry "GCI"]
[SourceTitle "EXT 2009"]
[Source "ChessBase"]
[SourceDate "2008.11.26"]
[SourceVersion "1"]
[SourceVersionDate "2008.11.26"]
[SourceQuality "1"]

1. Nc3 d5 2. e4 d4 3. Nce2 e5 4. Ng3 Be6 5. c3 c5 6. Bb5+ Nd7 7. Nf3 Bd6 8. d3 a6 9. Bxd7+ Qxd7 10. Ng5 g6 11. 0-0 f6 12. Nxe6 Qxe6 13. Ne2 g5 14. Ng3 Ne7 15. Qh5+ Qf7 16. cxd4 cxd4 17. Qf3 h5 18. Nf5 Nxf5 19. Qxf5 Ke7 20. Bd2 Qe6 21. Qxe6+ 1/2-1/2

[Event "Guernsey op 34th"]
[Site "Guernsey"]
[Date "2008.10.20"]
[Round "2"]
[White "Prins, Jan"]
[Black "Morcom, Huw"]
[Result "1/2-1/2"]
[WhiteElo "2108"]
[BlackElo "1978"]
[PlyCount "70"]
[EventDate "2008.10.19"]
[EventType "swiss"]
[EventRounds "7"]
[EventCountry "GCI"]
[SourceTitle "EXT 2009"]
[Source "ChessBase"]
[SourceDate "2008.11.26"]
[SourceVersion "1"]
[SourceVersionDate "2008.11.26"]
[SourceQuality "1"]

1. d4 g6 2. c4 Bg7 3. Nc3 f5 4. g3 d6 5. Bg2 c6 6. Nf3 Nh6 7. 0-0 Nf7 8. Re1 0-0 9. d5 e5 10. e4 c5 11. a3 Nd7 12. b4 b6 13. Ra2 f4 14. Nd2 g5 15. f3 fxg3 16. hxg3 Nf6 17. Nf1 g4 18. Be3 gxf3 19. Bxf3 Bh6 20. Rh2 Bxe3+ 21. Nxe3 Ng5 22. Bg2 Rf7 23. Rf1 Qf8 24. Nf5 Bxf5 25. Rxf5 h6 26. Qe2 a6 27. Bh3 Nxh3+ 28. Rxh3 Raa7 29. Rh4 Qg7 30. Kh2 Qg6 31. g4 Rg7 32. Kh3 Raf7 33. Nd1 h5 34. Nf2 Nxg4 35. Rxf7 Qxf7 1/2-1/2

[Event "Guernsey op 33rd"]
[Site "Guernsey"]
[Date "2007.10.24"]
[Round "4"]
[White "Adair, James R"]
[Black "Prins, Jan"]
[Result "0-1"]
[WhiteElo "2044"]
[BlackElo "2090"]
[PlyCount "182"]
[EventDate "2007.10.21"]
[EventType "swiss"]
[EventRounds "7"]
[EventCountry "GCI"]
[SourceTitle "EXT 2009"]
[Source "ChessBase"]
[SourceDate "2008.11.26"]
[SourceVersion "1"]
[SourceVersionDate "2008.11.26"]
[SourceQuality "1"]

1. e4 c5 2. Nc3 Nc6 3. g3 g6 4. Bg2 Bg7 5. d3 d6 6. Be3 Rb8 7. Qd2 b5 8. Nge2 b4 9. Nd1 Nd4 10. 0-0 e6 11. Nc1 Ne7 12. c3 bxc3 13. bxc3 Ndc6 14. Bh6 0-0 15. Bxg7 Kxg7 16. Ne3 f6 17. Nb3 Ba6 18. f4 Qc7 19. Rf2 Na5 20. Nxa5 Qxa5 21. Bh3 f5 22. Re1 Rf7 23. exf5 exf5 24. Bg2 Qd8 25. d4 h6 26. c4 Kh7 27. Qc3 Qh8 28. Rd2 Bb7 29. Rb1 Bxg2 30. Rxb8 Qxb8 31. Kxg2 Qb7+ 32. d5 Ng8 33. Rb2 Qc7 34. Nd1 Qd7 35. Re2 Re7 36. Qe1 Rxe2+ 37. Qxe2 Nf6 38. Nf2 Kg7 39. Qe3 Kf7 40. Qc3 Qe7 41. Qb2 h5 42. a4 a6 43. h4 Qd7 44. a5 Qe7 45. Qb6 Ng4 46. Qb2 Ne3+ 47. Kh2 Nxc4 48. Qh8 Qf6 49. Qc8 Qe7 50. Qh8 Qf6 51. Qc8 Ne3 52. Qb7+ Kg8 53. Nh3 Ng4+ 54. Kg2 Qf7 55. Qb8+ Kg7 56. Qxd6 Qxd5+ 57. Qxd5 Ne3+ 58. Kf3 Nxd5 59. Ke2 Kf6 60. Kd3 Ke6 61. Ng5+ Kd6 62. Nf7+ Kc6 63. Ne5+ Kb5 64. Nxg6 c4+ 65. Kd4 c3 66. Ne5 c2 67. Nd3 Nb4 68. Nc1 Kxa5 69. g4 fxg4 70. f5 g3 71. Ke3 Kb5 72. Kf3 Kc5 73. Kxg3 a5 74. Kf4 Kd6 75. Kg5 Ke7 76. Kxh5 Kf8 77. f6 a4 78. Ne2 Nd5 79. f7 a3 80. Nd4 c1Q 81. Ne6+ Ke7 82. f8Q+ Kxe6 83. Qg8+ Kd6 84. Qd8+ Ke5 85. Qh8+ Ke4 86. Qe8+ Kf3 87. Qf7+ Nf4+ 88. Kg5 Qc5+ 89. Kh6 Qd5 90. Qg7 Qe6+ 91. Kh7 a2 0-1